El recurso de apelación como medio de control en los actos administrativos que se emiten en la Dirección General de Impuestos Internos del Ministerio de Hacienda. (Registro nro. 10214)

Detalles MARC
000 -LEADER
fixed length control field 00812nam a2200205Ia 4500
005 - FECHA Y HORA DE LA ÚLTIMA TRANSACCIÓN
control field 20231217110431.0
008 - FIXED-LENGTH DATA ELEMENTS--GENERAL INFORMATION
fixed length control field 231216s9999 xx 000 0 und d
040 ## - CATALOGING SOURCE
Original cataloging agency UPAN
Transcribing agency Biblioteca San Vicente
Description conventions RCAA2
041 ## - LANGUAGE CODE
Language code of text/sound track or separate title spa
082 ## - DEWEY DECIMAL CLASSIFICATION NUMBER
Classification number 336.271
Item number Per
año de publicación 2004
100 ## - MAIN ENTRY--PERSONAL NAME
Personal name Pérez Escalante, María Isabel
Relator code aut.
245 #0 - TITLE STATEMENT
Title El recurso de apelación como medio de control en los actos administrativos que se emiten en la Dirección General de Impuestos Internos del Ministerio de Hacienda.
260 ## - PUBLICATION, DISTRIBUTION, ETC. (IMPRINT)
Place of publication, distribution, etc San Salvador:
Name of publisher, distributor, etc Universidad Panamericana,
Date of publication, distribution, etc 2004
300 ## - PHYSICAL DESCRIPTION
Extent 160 p.;
Dimensions 28 cm.
650 ## - SUBJECT ADDED ENTRY--TOPICAL TERM
Source of heading or term LEMB
Topical term or geographic name as entry element Apelación
General subdivision Jurisprudencia
700 ## - ADDED ENTRY--PERSONAL NAME
Personal name Jimenez Martinez, Rubidia Elizabeth
Relator code aut.
700 ## - ADDED ENTRY--PERSONAL NAME
Personal name Rodriguez Miranda, Jose Luis
Relator code aut.
700 ## - ADDED ENTRY--PERSONAL NAME
Personal name Ventura Mendez, Julio Cesar
Relator code aut.
942 ## - ADDED ENTRY ELEMENTS (KOHA)
Koha item type Libros
Source of classification or shelving scheme Dewey Decimal Classification
Existencias
Withdrawn status Lost status Source of classification or shelving scheme Damaged status Not for loan Collection code Home library Current library Date acquired Total Checkouts Full call number Barcode Date last seen Copy number Price effective from Koha item type
    Dewey Decimal Classification     Tesario Biblioteca UPAN San Vicente Biblioteca UPAN San Vicente 17/12/2023   336.271 Per 12100046 17/12/2023 01 17/12/2023 Trabajos de Grado